000 00988cam a2200289 i 4500
001 1583
005 20230907150215.0
020 _a9780439295765
040 _aDLC
_cDLC
_dDLC
_beng
050 0 0 _aPS1541.I54
082 0 0 _a811.4
100 1 _aDickinson, Emily,
_d1830-1886.
245 1 0 _aI'm nobody! Who are you? :
_bpoems of Emily Dickinson for children /
_cillustrated by Rex Schneider ; with an introd. by Richard B. Sewall.
250 _a1st ed.
260 _bScholastic
_c2012
300 _a105 pages :
_billustrations;
_c18 cm
500 _a"A Barbara Holdridge book."
505 _aS
520 _aAn illustrated collection of poems by an outstanding 19th-century American poet whose works were published posthumously.
521 _a790
_bLexile
521 _aS
_bRaz-Plus
650 0 _aChildren's poetry, American.
650 1 _aAmerican poetry.
700 1 _a Mesmer, Edric S.
906 _a7
_bcbc
_corignew
_d1
_eocip
_f19
_gy-gencatlg
942 _2ddc
_cBK
_n0
999 _c1583
_d1583